| 000 | 01078cam a2200265 i 4500 | ||
|---|---|---|---|
| 003 | SA-RiAUC | ||
| 005 | 20251006092740.0 | ||
| 008 | 251005s1964 ua g 00000 ara c | ||
| 040 |
_aSA-RiAUC _bara _cSA-RiAUC _erda |
||
| 082 | 0 | 4 | _a220 |
| 090 |
_a220 _b م خ ل |
||
| 100 | 1 |
_aمخلوف، محمد حسنين بن محمد مخلوف، _d1861-1936 _eمؤلف. |
|
| 245 | 1 | 0 |
_aعنوان البيان في علوم التبيان / _cتأليف محمد حسنين مخلوف العدوي ؛ تحقيق حسنين محمد مخلوف. |
| 246 | 3 | 0 | _aعلوم التبيان |
| 250 | _aالطبعة الثانية. | ||
| 264 | 1 |
_aالقاهرة : _bشركة مكتبة ومطبعة الحلبي، _c1964 |
|
| 300 |
_a131 صفحة ؛ _c21 سم |
||
| 336 |
_aنص _btxt _2rdacontent _3كتاب |
||
| 337 |
_aبدون وسيط _bn _2rdamedia |
||
| 338 |
_aمجلد _bnc _2rdacarrier |
||
| 630 | 2 | 7 |
_aالقرآن _xعلوم _2aucut |
| 700 | 1 |
_aمخلوف، حسنين محمد، _d1890-1990 _eمحقق. |
|
| 942 |
_2ddc _cBOOK _n0 |
||
| 949 |
_aSA-JeALM _d251005 _umohamedma123 _n1 |
||
| 999 |
_c12429 _d12429 |
||